000078283 001__ 78283
000078283 005__ 20191126134631.0
000078283 0247_ $$2doi$$a10.1016/j.renene.2018.01.106
000078283 0248_ $$2sideral$$a104532
000078283 037__ $$aART-2018-104532
000078283 041__ $$aeng
000078283 100__ $$0(orcid)0000-0003-2444-8558$$aCarroquino, J.
000078283 245__ $$aCombined production of electricity and hydrogen from solar energy and its use in the wine sector
000078283 260__ $$c2018
000078283 5060_ $$aAccess copy available to the general public$$fUnrestricted
000078283 5203_ $$aIn the present research, the energy demanded by the wastewater treatment plant of a winery and the pumping station of the irrigation system of a vineyard is supplied by a stand-alone renewable energy system formed by three photovoltaic arrays connected to a microgrid. A relatively small battery maintains the stability and quality of the energy supply acting as a short-term energy storage. Hydrogen is generated in a production and refueling plant specifically designed for this project, and it is eventually used in a plug-in BEV properly modified as a hybrid vehicle by adding a PEM fuel cell. On the one hand, the technical and economic feasibility of the on-site electricity production for the winery and vineyard, compared to the commercial electricity from the grid and diesel gensets, is demonstrated. On the other hand, the diesel savings by the hydrogen generated on site are assessed. The electricity (72 MWh) and hydrogen (1214 m3) produced in the first year have saved the emission of around 27 tons of equivalent CO2.
000078283 536__ $$9info:eu-repo/grantAgreement/ES/DGA/T03$$9info:eu-repo/grantAgreement/EUR/LIFE/13 ENV/ES/000280$$9info:eu-repo/grantAgreement/ES/MINECO/DPI2015-69286-C3-1-R
000078283 540__ $$9info:eu-repo/semantics/openAccess$$aby-nc-nd$$uhttp://creativecommons.org/licenses/by-nc-nd/3.0/es/
000078283 590__ $$a5.439$$b2018
000078283 591__ $$aGREEN & SUSTAINABLE SCIENCE & TECHNOLOGY$$b7 / 35 = 0.2$$c2018$$dQ1$$eT1
000078283 591__ $$aENERGY & FUELS$$b17 / 103 = 0.165$$c2018$$dQ1$$eT1
000078283 592__ $$a1.889$$b2018
000078283 593__ $$aRenewable Energy, Sustainability and the Environment$$c2018$$dQ1
000078283 655_4 $$ainfo:eu-repo/semantics/article$$vinfo:eu-repo/semantics/acceptedVersion
000078283 700__ $$0(orcid)0000-0001-9778-0514$$aRoda, V.$$uUniversidad de Zaragoza
000078283 700__ $$0(orcid)0000-0001-7472-7542$$aMustata, R.$$uUniversidad de Zaragoza
000078283 700__ $$aYago, J.
000078283 700__ $$0(orcid)0000-0002-2384-5896$$aValiño, L.$$uUniversidad de Zaragoza
000078283 700__ $$0(orcid)0000-0003-4141-6072$$aLozano, A.$$uUniversidad de Zaragoza
000078283 700__ $$0(orcid)0000-0002-5391-8021$$aBarreras, F.$$uUniversidad de Zaragoza
000078283 7102_ $$15001$$2600$$aUniversidad de Zaragoza$$bDpto. Ciencia Tecnol.Mater.Fl.$$cÁrea Mecánica de Fluidos
000078283 7102_ $$12001$$2205$$aUniversidad de Zaragoza$$bDpto. Didáctica Cienc. Experi.$$cÁrea Didáctica Ciencias Exper.
000078283 773__ $$g122 (2018), 251-263$$pRenew. energy$$tRENEWABLE ENERGY$$x0960-1481
000078283 8564_ $$s1276748$$uhttps://zaguan.unizar.es/record/78283/files/texto_completo.pdf$$yPostprint
000078283 8564_ $$s70343$$uhttps://zaguan.unizar.es/record/78283/files/texto_completo.jpg?subformat=icon$$xicon$$yPostprint
000078283 909CO $$ooai:zaguan.unizar.es:78283$$particulos$$pdriver
000078283 951__ $$a2019-11-26-13:41:03
000078283 980__ $$aARTICLE